00779nam a2200205 a 4500008004100000020001500041050001400056100002100070245009300091260004300184300001000227350000900237650001300246650003300259650002200292700001900314995010100333999001700434952012200451090326s2000 ||||||||||||||||| || u a1857754263 aRC 46 Cli aGrimshaw, Jeremy10aClinical guidelines: from conception to usecedited by Martin Eccles and Jeremy Grimshaw aAdington, OXbRadcliff Medical Pc2000 a120p. a0.00 aMEDICINE aCLINICAL MEDICINE--STANDARDS aMEDICAL PROTOCOLS aEccles, Martin D0.00FCBU-MAIN LIBRARY (Kitwe)H1I0.00M1UAVAILABLEWJun 25, 2009ZAnnex Low-Usage Collection  c37604d37604 00102lcc4070a001b001cAnnex Low-Usage Collection d2022-11-30l0oRC 46 Clip739902r2022-11-30w2022-11-30y002